Представление документа в формате MARC21

ПолеНазваниеЗначение
  Тип записи a
  Библиографический уровень m
001 Контрольный номер RU\infra-m\znanium\bibl\2111834
005 Дата корректировки 20260429142122.8
008 Кодируемые данные 241120s2024 RU g rus u
020 Индекс ISBN __
a ISBN 978-5-16-019365-6
020 Индекс ISBN __
a ISBN 978-5-16-112028-6 (электр. издание)
040 Источник каталогиз. __
a Служба первич. каталог. Общество с ограниченной ответственностью «ЗНАНИУМ»
041 Код языка издания __
a Код языка текста rus
044 Код страны публикации __
a Код страны публикации RU
080 Индекс УДК __
a Индекс УДК 004.93(075.8)
084 Индекс другой классификации/Индекс ББК __
2 Источник индекса rubbk
a Индекс другой классификации/Индекс ББК 16.63я73
084 Индекс другой классификации/Индекс ББК __
2 Источник индекса okso
a Индекс другой классификации/Индекс ББК 09.04.01
084 Индекс другой классификации/Индекс ББК __
2 Источник индекса okso
a Индекс другой классификации/Индекс ББК 09.04.02
084 Индекс другой классификации/Индекс ББК __
2 Источник индекса okso
a Индекс другой классификации/Индекс ББК 09.04.03
084 Индекс другой классификации/Индекс ББК __
2 Источник индекса okso
a Индекс другой классификации/Индекс ББК 09.04.04
084 Индекс другой классификации/Индекс ББК __
2 Источник индекса okso
a Индекс другой классификации/Индекс ББК 09.05.01
100 Автор __
a Автор Бондаренко Н.С.
q Полное имя Бондаренко Наталья Сергеевна
u Дополнение Донецкий Государственный Университет
245 Заглавие __
a Заглавие Распознавание образов. Начальный курс теории
b Продолж. заглавия Учебное пособие
c Ответственность Донецкий Государственный Университет
250 Сведения об издании __
a Основные сведения об издании 1
260 Выходные данные __
a Место издания Москва
b Издательство ООО "Научно-издательский центр ИНФРА-М"
c Дата издания 2025
300 Физическое описание __
a Объем 185 с.
440 Серия __
a Серия Высшее образование
520 Аннотация __
a Аннотация В данном учебном пособии рассмотрены задачи распознавания образов дискриминантного анализа таксономии сравнения с эталоном классификации признаков выбора признакового пространства. Изучены основные группы признаков рассчитываемых по изображениям и используемых для их распознавания. Освещены способы классификации на основе сравнения с эталоном байесовского классификатора и деревьев принятия решений. Соответствует требованиям федеральных государственных образовательных стандартов высшего образования последнего поколения. Для студентов обучающихся в области информационных технологий прикладной математики и программной инженерии.
521 Примеч. о цел. назн. __
a Примеч. о целев. назн. ВО - Магистратура
650 Тематические рубрики __
a Основная рубрика Физико-математические науки
x Основная подрубрика Математическое моделирование
655 Указ. предметных рубрик (устаревшее) __
a Жанр/ форма (устаревшее) Учебное пособие
856 Электронный адрес документа 4_
a Имя сервера/домена znanium.ru
m Помощь ebs_support@infra-m.ru
n Местонахождение сервера НИЦ ИНФРА-М
u URL https://znanium.ru/catalog/document?id=456208
856 Электронный адрес документа 48
a Имя сервера/домена znanium.ru
d Путь /cover/2111
f Электронное имя 2111834.jpg
q Тип электронного формата image/jpeg
u URL https://znanium.ru/cover/2111/2111834.jpg
911 __
u 0030=https://znanium.ru/catalog/document?id=456208